Cities Starting with the Same Letters - Statistics

General Stats
  • This quiz has been taken 32 times
  • The average score is 10 of 20
Answer Stats
Hints City % Correct
The second largest metro areas in Canada & Mexico Montreal
88%
Capitals overshadowed by the larger cities Dubai & Lagos Abu Dhabi
84%
Capitals overshadowed by the larger cities Dubai & Lagos Abuja
81%
Pope Leo XIV's birthplace & his past Diocese Chicago
81%
The second largest metro areas in Canada & Mexico Monterrey
78%
The Metropolitan & city proper location of EWR New York City
72%
Capitals of a Central American & Arabian country Managua
63%
Homes to Air Force Academy & Ohio State Columbus
59%
Capitals of a Central American & Arabian country Manama
59%
The Metropolitan & city proper location of EWR Newark
59%
Both named after the 7th US President Jackson
56%
Both named after the 7th US President Jacksonville
53%
Homes to Air Force Academy & Ohio State Colorado Springs
38%
Their first word both are named after a Native American tribe Sioux Falls
34%
Their first word both are named after a Native American tribe Sioux City
31%
Pope Leo XIV's birthplace & his past Diocese Chiclayo
22%
Both named after the Spanish word for Ash tree Fresno
19%
Birthplaces of religious saints Anthony & Thérèse Lisbon
16%
Birthplaces of religious saints Anthony & Thérèse Lisieux
13%
Both named after the Spanish word for Ash tree Fresnillo
9%
No matching quizzes found
Score Distribution
Percent of People with Each Score
Percentile by Number Answered
Your Score History
You have not taken this quiz